La Revolución proletaria
Guardado en:
| Autor principal: | |
|---|---|
| Formato: | Texto |
| Publicado: |
Lima:
EPASA
|
| Etiquetas: |
Agregar Etiqueta
Sin Etiquetas, Sea el primero en etiquetar este registro!
|
MARC
| LEADER | 00000 a a2200000 04500 | ||
|---|---|---|---|
| 001 | 22564 | ||
| 003 | |||
| 040 | |||
| 090 | |a 154500 | ||
| 100 | |a Lenin, Vladimir Ilich | ||
| 245 | |a La Revolución proletaria | ||
| 260 | |a Lima: |b EPASA | ||
| 300 | |a 136 p; n. 36 |b **no definido** | ||
| 999 | |c 13574 |d 13574 | ||
